| 000 | 00550nam a22002057a 4500 | ||
|---|---|---|---|
| 003 | OSt | ||
| 005 | 20150124113333.0 | ||
| 008 | 140220b mx||||| |||| 00| 0 spa d | ||
| 020 | _a9682459249 | ||
| 040 | _cUMSNH | ||
| 050 |
_aZ6944 _bG6 1999 |
||
| 100 | 1 | _aGonzalez Reyna, Susana | |
| 245 | 1 | 0 |
_aPeriodismo de opinion y discurso / _cSusana Gonzalez Reyna. |
| 250 | _a2a ed. | ||
| 260 |
_aMéxico : _bTrillas, _c1999 |
||
| 300 |
_a189 p. ; _c23 cm. |
||
| 440 | 0 |
_aGeneros periodisticos ; _v1 |
|
| 650 | 4 | _aPeriodismo | |
| 942 |
_2lcc _cLIB |
||
| 999 |
_c3250 _d3250 |
||